15 plus grandes capitales d'Europe - Statistiques

Statistiques générales
  • Ce quiz a été pris 166 fois
  • Le résultat moyen est 11 sur 15
Statistiques - réponses
Rang Capitale Superficie % Correct
9 Madrid 604 km2
99%
2 Londres 1 572 km2
98%
4 Rome 1 287 km2
95%
1 Moscou 2 511 km2
93%
5 Berlin 892 km2
92%
15 Oslo 454 km2
83%
13 Varsovie 517 km2
82%
6 Kiev 840 km2
77%
12 Budapest 525 km2
76%
7 Helsinki 716 km2
76%
14 Prague 496 km2
64%
8 Zagreb 641 km2
62%
11 Skopje 571 km2
34%
3 Podgorica 1 399 km2
33%
10 Pristina 573 km2
28%
Aucun quiz correspondant
Distribution des résultats
% des personnes avec chaque résultat
Percentile par nombre de réponses
Votre historique - résultats
Vous n’avez pas pris ce quiz